00518cam a2200181 a 4500001000800000005001700008008004100025010001700066020003200083040001800115041000800133080002100141082002500162100000600187101000800193245008400201504005100285346955320180302033251.0930720s1994 flua b 001 0 eng  a 93026906  a0849349109 (acidfree paper) aDLCcDLCdDLC aeng a636.20852 mal00a636.20852 mal220 a9 anut00aPrinciples of protein nutrition of ruminants /cedited by John Malcolm Asplund. aIncludes bibliographical references and index.